La construcción en Chile, cuatro siglos de historia

Saved in:
Bibliographic Details
Main Author: Valenzuela Solís de Ovando, Carlos (Author)
Format: Book
Language:Spanish
Published: Santiago Cámara Chilena de la Construcción 1991
Subjects:
Tags: Add Tag
No Tags, Be the first to tag this record!

MARC

LEADER 00000cam a2200000 a 4500
001 UCV9920
003 CL-VaPUC
008 930729e19910000CL |||||||||||||||||spa|d
082 0 4 |a 690.0983  |b VAL  |2 21 
100 0 |a Valenzuela Solís de Ovando, Carlos  |e author  |9 303907 
245 1 3 |a La construcción en Chile, cuatro siglos de historia 
300 |a 305 p 
942 |c BK 
945 |d 19930729 00:00:00 
260 |a Santiago  |b Cámara Chilena de la Construcción  |c 1991 
650 0 |a Construcción  |9 260195 
650 0 |a Historia de Chile  |9 265473 
651 7 |a CHILE  |2 CL-VaPUC  |9 303908 
583 |a last modification  |c 20160316 01:17:37  |k Rodrigo Vera 
999 |c 215191  |d 215189 
952 |0 0  |1 0  |4 0  |6 690_098300000000000_VAL_1991  |7 0  |8 P  |9 199220  |a BIBARQ  |b BIBARQ  |d 2019-11-14  |i 2665379  |o 690.0983 VAL 1991  |p 2665379  |r 2025-01-20  |w 2019-11-14  |y BK  |k ARQ 
952 |0 0  |1 0  |3 erb  |4 0  |6 690_098300000000000_VAL_1991  |7 0  |8 X  |9 199221  |a FDOBUD  |b FDOBUD  |i 521792K  |o 690.0983 VAL 1991  |p 521792K  |r 2019-11-14  |w 2019-11-14  |y BK_X  |z Catalogado en:20160316  |k BUD